00465nam a2200085Ia 4500008004100000245002900041300023900070650000900309856006100318170517s9999 xx 000 0 und d aFoo Fighters Garage Tour aThis is a 40-minute music-packed documentary of the Foo Fighters tour of fans' garages, in support of their phenomenal new album Wasting Light. The video was shot at the homes of several fans - their garages, precisely - throughout... xArt. uhttp://topdocumentaryfilms.com/foo-fighters-garage-tour/